00309nam a2200121Ia 4500008004100000082001600041100002100057245002400078250000800102260004500110300001000155650002200165150201s1981 xx 000 0 und d a100bM1981S aSWAMI VED BHARTI aMANTRA & MEDITATION a1ST bHIMALAYA INTERNATIONAL PUB.aDELHIc1981 a1-250 aGENERAL DENTISTRY